000 00661nam a2200193Ia 4500
008 240729s9999 xx 000 0 und d
022 _a2589-2991
245 0 _aMaterials Science for Energy Technologies
260 _aChina
260 _bKeAi Communications Co., Ltd.
650 _a Electrical engineering. Electronics. Nuclear engineering
650 _a Energy conservation
650 _a Materials of engineering and construction. Mechanics of materials | Technology
650 _a Mechanical engineering and machinery
650 _aTechnology
856 _uhttps://doaj.org/toc/406c7de22df14e998c84b0c7da16e463
942 _2ddc
942 _cDOAJEJ
999 _c67649
_d67649
945 _a1
_bMadushi Gamage
_c1
_dMadushi Gamage